උසස් පෙළ දේශපාලන විද්‍යාව /

Saved in:
Bibliographic Details
Main Author: පොන්නම්පෙරුම, නිහාල්
Format: Book
Language:English
Sinhalese
Published: කොළඔ : සඳිනි , 2006.
Subjects:
Tags: Add Tag
No Tags, Be the first to tag this record!

MARC

LEADER 00000nam a22000007a 4500
003 LK-ApPL
005 20260408111839.0
008 260408b |||||||| |||| 00| 0 eng d
020 |a 9558418021 
040 |a LK-ApPL  |b sin  |d LK-ApPL 
041 |a sin 
082 |2 23  |a 320  |b පොන්න ,  
100 |a පොන්නම්පෙරුම, නිහාල් 
245 |a උසස් පෙළ දේශපාලන විද්‍යාව /  |c නිහාල් පොන්නම්පෙරුම 
260 |a කොළඔ :  |b සඳිනි ,  |c 2006. 
300 |a පි. 241 :  |c සෙ.මි.21 , 
650 0 |a දේශපාලන විද්‍යාව 
942 |c LBK 
999 |c 24338  |d 24338